LEADER 01728cam a2200373 a 4500 001 000000126740 003 CaOOAMICUS 005 20111027135547.0 008 111027s2011 it 0000u ita r 020 $a978-88-211-1800-5 040 $aPUL$bita 082 04$a270.092 100 0 $aBenedictus PP.$bXVI,$d1927-2022.$0(OLS)http://pul/name/14991 245 10$aDonne nel Medioevo :$bil genio femminile nella storia del popolo di Dio /$cBenedetto XVI ; prefazione di André Vauchez ; postfazione di Maria Mara Monetti. 260 $aGenova ;$aMilano :$bMarietti,$c©2011. 300 $a141 p. ;$c21 cm. 490 1 $aBiblioteca cristiana 504 $aBibliografia in nota. 650 4$aDonne nel cristianesimo$yEvo medio.$0(OLS)http://pul/subject/16115 700 1 $aVauchez, André,$d1938-$0(OLS)http://pul/name/625 700 1 $aMonetti, Maria Mara.$0(OLS)http://pul/name/80823 830 0$aBiblioteca cristiana (Marietti).$0(OLS)http://pul/title/145974 850 $aPUL 852 $aPUL$W1$xSL Religione 3$y85$m270. 092 BENED16 9$j146539$qDDC 21$B145245$CPULBib$Z2$F145245 $H118170 $82 900 $aRatzinger, Joseph,$ccard.,$d1927-2022$914991 900 $aBenedetto XVI,$cpapa,$d1927-$914991 910 $aPapi (2005-2013 : Benedictus PP. XVI)$914991 910 $aPapi (2005-2013 : Benedictus PP. XVI)$914991 941 1 $a9 996 $6020$a978-88-211-1800-5$9(OLS)http://pul/number/148290 996 $6082$a270.092$9(OLS)http://pul/classification/509 996 $6245$aDonne nel Medioevo :$bil genio femminile nella storia del popolo di Dio$9(OLS)http://pul/title/160098 996 $6260$aGenova ;$aMilano :$bMarietti$9(OLS)http://pul/publisher/74601 LEADER 02007nam a2200385 a 4500 001 000000176735 003 CaOOAMICUS 005 20240326111621.0 008 240326s2023 it u000 u eng r 020 $a978-88-6788-313-4* 032 $aLibriCat 040 $aPUL$bita 082 04$a189 100 1 $aArosio, Marco,$d1963-2009.$0(OLS)http://pul/name/23993 245 01$a"Credibile ut intelligibile" in St. Bonaventure's "Commentary on the Sentences" / $cMarco Arosio ; with a preface by Alessandro Ghisalberti ; and an introduction by Brett W. Smith . 260 $aRoma :$bAteneo Pontificio Regina Apostolorum,$c©2023$aRoma :$bIF Press 300 $a160 p. ;$c21 cm 490 1 $aCattedra "Marco Arosio" ;$v3 500 $aTesto in inglese e passi in latino. 500 $aIn copertina: Cattedra Marco Arosio di alti studi medievali. 504 $aBibliografia dell'Autore: pagine 149-151. 600 04$aBonaventura,$cs., card.,$dc. 1217-1274.$tOpere$9(Bonaventura, s., card., c. 1217-1274).$0(OLS)http://pul/subject/23810 700 1 $aGhisalberti, Alessandro,$d1940-$0(OLS)http://pul/name/2285 700 1 $aSmith, Brett W.$0(OLS)http://pul/name/113155 710 0 $aAteneo Pontificio Regina Apostolorum. $bCattedra Marco Arosio di alti studi medievali.$0(OLS)http://pul/name/110820 830 0$aCattedra "Marco Arosio" ;$v3.$0(OLS)http://pul/title/177311 850 $aPUL 852 $aPUL$W1$xSL Filosofia 3$y81$m189 AROMA 1$j200737$qDDC 21$B205691$CPULBib$Z2$F205691 $H136887 $82 941 1 $a9 996 $6020$a978-88-6788-313-4*$9(OLS)http://pul/number/169625 996 $6082$a189$9(OLS)http://pul/classification/439 996 $6245$a"Credibile ut intelligibile" in St. Bonaventure's "Commentary on the Sentences" / $9(OLS)http://pul/title/218216 996 $6260$aRoma :$bAteneo Pontificio Regina Apostolorum$9(OLS)http://pul/publisher/74684 996 $6260$aRoma :$bIF Press$9(OLS)http://pul/publisher/83036